Sức bền vật liệu
Nội dung giới thiệu những khái niệm cơ bản về sức bền vật liệu, kéo và nén, trạng thái ứng suất, xoắn thanh mặt cắt tròn, cắt và đập, uốn phẳng, tính toán thanh chịu lực phức tạp...
Guardat en:
| Autor principal: | |
|---|---|
| Format: | Llibre |
| Idioma: | Undetermined |
| Publicat: |
Hà Nội
Khoa học và Kỹ thuật
2002
|
| Matèries: | |
| Etiquetes: |
Afegir etiqueta
Sense etiquetes, Sigues el primer a etiquetar aquest registre!
|
| Thư viện lưu trữ: | Trung tâm Học liệu Trường Đại học Cần Thơ |
|---|
| LEADER | 00896nam a2200193Ia 4500 | ||
|---|---|---|---|
| 001 | CTU_148463 | ||
| 008 | 210402s9999 xx 000 0 und d | ||
| 082 | |a 620.112 | ||
| 082 | |b C561/T1 | ||
| 100 | |a Đặng, Việt Cương | ||
| 245 | 0 | |a Sức bền vật liệu | |
| 245 | 0 | |c Đặng Việt Cương, Nguyễn Nhật Thắng, Nhữ Phương Mai | |
| 260 | |a Hà Nội | ||
| 260 | |b Khoa học và Kỹ thuật | ||
| 260 | |c 2002 | ||
| 520 | |a Nội dung giới thiệu những khái niệm cơ bản về sức bền vật liệu, kéo và nén, trạng thái ứng suất, xoắn thanh mặt cắt tròn, cắt và đập, uốn phẳng, tính toán thanh chịu lực phức tạp... | ||
| 650 | |a Strength of materials | ||
| 904 | |i QHieu | ||
| 980 | |a Trung tâm Học liệu Trường Đại học Cần Thơ | ||